书目信息 |
| 题名: |
信息经济分析
|
|
| 作者: | 马费成 , 靖继鹏 主编 | |
| 分册: | ||
| 出版信息: | 北京 科学技术文献出版社 2005.03 |
|
| 页数: | 418页 | |
| 开本: | 23cm | |
| 丛书名: | 情报学研究生教材 | |
| 单 册: | ||
| 中图分类: | F062.5 | |
| 科图分类: | ||
| 主题词: | 信息经济--分析--研究生--教材 | |
| 电子资源: | ||
| ISBN: | 7-5023-4973-1 | |
| 000 | 01032nam 2200265 450 | |
| 001 | 0129346384 | |
| 005 | 20050820011037.92 | |
| 010 | @a7-5023-4973-1@dCNY44.00 | |
| 100 | @a20050330d2005 km y0chiy0120 ea | |
| 101 | 0 | @achi |
| 102 | @aCN@b110000 | |
| 105 | @aa a 000yy | |
| 200 | 1 | @a信息经济分析@Axin xi jing ji fen xi@f马费成, 靖继鹏主编@Fma fei cheng,jing ji peng zhu bian |
| 210 | @a北京@c科学技术文献出版社@d2005.03 | |
| 215 | @a418页@c图@d23cm | |
| 225 | 2 | @a情报学研究生教材 |
| 320 | @a有书目。 | |
| 330 | @a本书全面地阐述了信息经济分析的相关内容,包括导论、不确定条件下的经济分析、信息商品分析、信息供求分析、信息市场分析、信息资源的经济分析、信息资源优化配置、信息系统经济分析、信息技术的评价与选择、信息产业经济分析、网络经济分析、信息经济效益分析等内容。 | |
| 410 | 0 | @12001 @a情报学研究生教材 |
| 606 | 0 | @a信息经济@x分析@x研究生@x教材 |
| 690 | @aF062.5@v4 | |
| 701 | 0 | @a马费成@Ama fei cheng@4主编 |
| 701 | 0 | @a靖继鹏@Ajing ji peng@4主编 |
| 801 | 0 | @aCN@bQSSK@c20050820 |
| 905 | @a10447@dF062.5@eM041 | |
| 信息经济分析/马费成, 靖继鹏主编.-北京:科学技术文献出版社,2005.03 |
| 418页:图;23cm.-(情报学研究生教材) |
| ISBN 7-5023-4973-1:CNY44.00 |
| 本书全面地阐述了信息经济分析的相关内容,包括导论、不确定条件下的经济分析、信息商品分析、信息供求分析、信息市场分析、信息资源的经济分析、信息资源优化配置、信息系统经济分析、信息技术的评价与选择、信息产业经济分析、网络经济分析、信息经济效益分析等内容。 |
| ● |
| 相关链接 |
|
|
|
正题名:信息经济分析
索取号:F062.5/M041
 
预约/预借
| 序号 | 登录号 | 条形码 | 馆藏地/架位号 | 状态 | 备注 |
| 1 | 564578 | 205645783 | 社科库409/409社科库 65排2列4层/ [索取号:F062.5/M041] | 在馆 | |
| 2 | 564579 | 205645792 | 社科二线422/409社科库 65排2列4层/ [索取号:F062.5/M041] | 在馆 |